| 000 | 01127nam a22002295i 4500 | ||
|---|---|---|---|
| 001 | 161713 | ||
| 003 | ES-MaACL | ||
| 005 | 20251017063109.0 | ||
| 008 | 010522s1851 sp |||| | spa d | ||
| 040 |
_aCAM _bspa _cCAM |
||
| 100 | 1 |
_aPeral, Juan del, _dm. 1888 _9130982 |
|
| 245 | 1 | 0 |
_aPalo de ciego _b: zarzuela en un acto / _coriginal de Juan del Peral ; música de Rafael Hernando. |
| 260 |
_aMadrid : _b[Círculo literario Comercial], _c1851 ( _fImprenta á cargo de c. González) |
||
| 300 |
_a26 p. ; _c21 cm. |
||
| 490 | 1 |
_aLa España Dramática: colección de obras representadas con aplauso en los teatros de la corte ; _v139 |
|
| 500 | _aSolo la letra. | ||
| 596 | 1 | _aMención de editor y de serie constan en la cub. | |
| 700 | 0 |
_aHernando, Rafael. _963093 |
|
| 830 | 0 | 3 |
_aLa España dramática: colección de obras representadas con aplauso en los teatros de la corte _v139 _9187776 |
| 852 |
_aES-MaACL _jF-8597(6) _z-- Enc. pasta española _q-- Falto de la cub. original _z-- Enc. en un vol. facticio formando parte de la col. facticia "Teatro español moderno", vol. 50 |
||
| 999 |
_c161713 _d161713 |
||